| 000 | 00597nam a22002415i 4500 | ||
|---|---|---|---|
| 999 |
_c7452 _d7452 |
||
| 001 | 7452 | ||
| 003 | BD-JhCC | ||
| 005 | 20220814134022.0 | ||
| 008 | 170821s1992 nyu 000 0 eng | ||
| 020 | _a9783319677163 | ||
| 035 | _a(BD-JhCC)7452 | ||
| 040 |
_aDLC _erda _cDLC _dBD-JhCC |
||
| 041 | _aeng | ||
| 082 |
_a297.09 _bPAY 1992 |
||
| 100 | _aPayne, Robert | ||
| 245 | 0 | 4 |
_aThe history of Islam / _cRobert Payne |
| 260 |
_aNew York : _bBarnes & Nobel Books, _c1992 |
||
| 263 | _a1710 | ||
| 300 |
_a335 p. : cm _c25 cm. |
||
| 650 | _aIslam | ||
| 942 |
_2ddc _cBK _05 |
||